000 00818nmc a2200277 a 4500
003 AR-BaBNM
005 20251128211721.0
008 126020s2004 ||||||||||||||000 | spa||
020 _a50-9467-96-0
040 _cAR-BaBNM
100 1 _aRigal, Luis
245 1 0 _aEl sentido de educar
_bcrítica a los procesos de transformación educativa en Argentina, dentro del marco Latinoamericano
250 _a1ª ed.
260 _aBuenos Aires
_bMiño y Dávila Editores
_c2004
300 0 _a198 p.
490 0 _aEducación, crítica y debate
504 _aContiene bibliografía p. 187-198
650 4 _aPOLITICA EDUCATIVA
651 4 _aAmérica Latina
653 0 _aPOSMODERNIDAD
653 _aMODERNIDAD
653 0 _aREFORMA EDUCATIVA
800 1 _aGentili, Pablo
942 _cBK
998 _cme-solo cat
999 _c20835
_d20835